00225nam a2200097Ia 4500020001800000082001500018100002300033245003400056250000900090260002800099 a9781857434712 aRR 060 EUR aGladman, Anthony/s 0aEuropa world of learning 2009 a59th aLondonbRoutledgec2008